The ethical organisation : ethical theory and corporate behaviour

Αποθηκεύτηκε σε:
Λεπτομέρειες βιβλιογραφικής εγγραφής
Κύριος συγγραφέας: Kitson, Alan
Άλλοι συγγραφείς: Campbell, Robert (Philosopher)
Μορφή: Βιβλίο
Γλώσσα:English
Δημοσίευση: Hampshire : Macmillan , 1996.
Θέματα:
Ετικέτες: Προσθήκη ετικέτας
Δεν υπάρχουν, Καταχωρήστε ετικέτα πρώτοι!

MARC

LEADER 00000cam a2200000 i 4500
001 1/53219
008 980318s1996 enk| || |||| ||eng||
020 |a 0333625668 
035 |l 10027484 
040 |a GR-MyUa  |b gre  |e AACR2 
041 0 |a eng 
082 7 |a 174.4   |2 (22) 
100 1 |a Kitson, Alan. 
245 1 4 |a The ethical organisation :   |b ethical theory and corporate behaviour /   |c Alan Kitson, Robert Cambell. 
260 |a Hampshire :   |b Macmillan ,   |c 1996. 
300 |a xv, 252 σ. ;   |c 24 εκ. 
504 |a Περιλαμβάνει βιβλιογραφία και ευρετήριο. 
650 0 |a Business ethics. 
700 1 |a Campbell, Robert   |c (Philosopher) 
852 |a INST  |b CHIOS  |e 19980318  |h 174.4 KIT  |p 005200009668  |q 005200009668  |t BK  |y 0 
901 |a BIBL-1998-1 
922 |a 2ΕΛΗ  |b 199802  |c ΤΔΕ  |d ΠΑΠΑΣΩΤΗΡΙΟΥ